Flagi stolic Azji - Statystyki

Ogólne statystyki
  • Ten quiz został rozwiązany 40 razy
  • Średni wynik to 21 z 46
Statystyki odpowiedzi
Obrazkowy Odpowiedź % Poprawnych
Pekin
92%
Singapur
83%
Tajpej
83%
Astana
75%
Doha
75%
Ankara
67%
Hanoi
67%
Islamabad
67%
Kuala Lumpur
67%
Manila
67%
Nowe Delhi
67%
Sri Dźajawardanapura Kotte
67%
Damaszek
58%
Dili
58%
Taszkent
58%
Thimphu
58%
Bagdad
50%
Dhaka
50%
Duszanbe
50%
Manama
50%
Phnom Penh
50%
Rijad
50%
Seul
50%
Tokio
50%
Bangkok
42%
Jerozolima
42%
Abu Zabi
33%
Biszkek
33%
Maskat
33%
Amman
25%
Aszchabad
25%
Baku
25%
Bandar Seri Begawan
25%
Bejrut
25%
Erywań
25%
Kabul
25%
Kuwejt
25%
Naypyidaw
25%
Sana
25%
Dżakarta
17%
Nikozja
17%
Pjongjang
17%
Tbilisi
17%
Teheran
17%
Ułan Bator
17%
Katmandu
8%
Nie znaleziono quizów pasujących do podanych kryteriów
Rozkład punktacji
Procent ludzi z każdym wynikiem
Percentyl według liczby udzielonych odpowiedzi
Twoja historia wyników
Nie rozwiązałeś tego quizu